De Arcoiris y más. Cuentos e ilustraciones de niños y niñas dominicanos (Record no. 7784)

MARC details
000 -LEADER
campo de control de longitud fija 00451nam a2200145Ia 4500
001 - NÚMERO DE CONTROL
campo de control 4031
008 - DATOS DE LONGITUD FIJA--INFORMACIÓN GENERAL
campo de control de longitud fija 241024s9999 xx 000 0 und d
020 ## - NÚMERO INTERNACIONAL ESTÁNDAR DEL LIBRO
Número Internacional Estándar del Libro 978-9945-415-60-5
082 ## - NÚMERO DE LA CLASIFICACIÓN DECIMAL DEWEY
Número de clasificación RD/863.5/AR675r
100 ## - ENTRADA PRINCIPAL--NOMBRE DE PERSONA
Nombre de persona edit. Carrasco, Rafaela
245 #0 - MENCIÓN DEL TÍTULO
Título De Arcoiris y más. Cuentos e ilustraciones de niños y niñas dominicanos
260 ## - PUBLICACIÓN, DISTRIBUCIÓN, ETC.
Nombre del editor, distribuidor, etc. Pontificia Universidad Católica Madre y Maestra
Fecha de publicación, distribución, etc. 2015
901 ## - ELEMENTOS DE DATOS A LOCAL LDA (RLIN)
a 6/10/2015 6:08:45 a.m.

No items available.

© 2024. Todos los Derechos Reservados. Desarrollado por IDEICE